000 00463nam a22001577a 4500
008 161001b xxu||||| |||| 00| 0 eng d
020 _a0192853820
040 _aKABU
_cKABU
050 _aMT6
_b.C66 1998 c. 1
100 _aCook, Nicholas
_d1950-
245 _aMusic
_ba very short introduction
_cNicholas Cook
260 _aOxford
_bOUP
_c1998
300 _a143 p.
650 _aMusic appreciation
942 _2lcc
_cBK
_hMT6 .C66 1998 c. 1
999 _c16115
_d16115